Памяти Генриха Фердинандовича Гойера (Запись № 12290044)
[ простой вид ]
| 000 -МАРКЕР | |
|---|---|
| контрольное поле | 01889nam0a2200349 4500 |
| 001 - ИДЕНТИФИКАТОР ЗАПИСИ | |
| контрольное поле | RU\NLR\BIBL_A\012185285 |
| 005 - ИДЕНТИФИКАТОР ВЕРСИИ | |
| контрольное поле | 20250623223052.0 |
| 035 ## - ДРУГИЕ СИСТЕМНЫЕ НОМЕРА | |
| Идентификатор записи | (NLR Aleph) 012185285 |
| 100 ## - ДАННЫЕ ОБЩЕЙ ОБРАБОТКИ | |
| Данные общей обработки | 20200124d1909 |||y0rusy50 ca |
| 101 0# - ЯЗЫК РЕСУРСА | |
| Язык текста, звукозаписи и т.д. | русский |
| 102 ## - СТРАНА ПУБЛИКАЦИИ ИЛИ ПРОИЗВОДСТВА | |
| Страна публикации | российская федерация |
| 105 ## - ПОЛЕ КОДИРОВАННЫХ ДАННЫХ: ТЕКСТОВЫЕ МАТЕРИАЛЫ, МОНОГРАФИЧЕСКИЕ | |
| Кодированные данные о монографическом текстовом документе | c|||z|||000zb |
| 181 #0 - ПОЛЕ КОДИРОВАННЫХ ДАННЫХ: ВИД СОДЕРЖАНИЯ | |
| Код вида содержания (ISBD) | i |
| Код характеристики содержания (ISBD) | axxe |
| 182 #0 - ПОЛЕ КОДИРОВАННЫХ ДАННЫХ: ТИП СРЕДСТВА | |
| Код типа средства (ISBD) | n - непосредственное |
| 200 1# - ЗАГЛАВИЕ И СВЕДЕНИЯ ОБ ОТВЕТСТВЕННОСТИ | |
| Основное заглавие | Памяти Генриха Фердинандовича Гойера |
| Сведения, относящиеся к заглавию | (сообщено в заседании 2 декабря 1908 г.) |
| Первые сведения об ответственности | [соч.] П.И. Митрофанова |
| 203 ## - ВИД СОДЕРЖАНИЯ И ТИП СРЕДСТВА | |
| Вид содержания | Текст |
| Дополнительные сведения об издании | визуальный |
| Тип средства | непосредственный |
| 210 ## - ПУБЛИКАЦИЯ, РАСПРОСТРАНЕНИЕ И ДР. | |
| Место издания, распространения и т.д. | Варшава |
| Имя издателя, распространителя и т. д. | Типография Варшавского военного округа |
| Дата издания, распространения и т.д. | 1909 |
| 215 ## - ФИЗИЧЕСКАЯ ХАРАКТЕРИСТИКА | |
| Специфическое обозначение материала и объем | 6 с., [1] л. портр. |
| Размеры | 24 |
| 225 1# - СЕРИЯ | |
| Основное заглавие серии | Работы из Зоотомической лаборатории Варшавского университета |
| Сведения об ответственности | под ред. проф. П.И. Митрофанова |
| Обозначение тома | 37 |
| 316 ## - ПРИМЕЧАНИЯ ОБ ОСОБЕННОСТЯХ ЭКЗЕМПЛЯРА | |
| Текст примечания | Экз. сплетен с 3-мя др. кн. в общ. переплет с загл.: Речи и статьи. На тит. л. и обл. общ. переплета также загл. сер. и содерж. |
| Организация и экземпляр, к которому относится поле | NLR |
| 320 ## - ПРИМЕЧАНИЯ О НАЛИЧИИ В ДОКУМЕНТЕ БИБЛИОГРАФИИ / УКАЗАТЕЛЯ | |
| Текст примечания | Библиогр. в тексте |
| 512 1# - ЗАГЛАВИЕ ОБЛОЖКИ | |
| Заглавие обложки | Речи и статьи |
| 600 #1 - ИМЯ ЛИЦА КАК ПРЕДМЕТ | |
| Начальный элемент ввода | Гойер |
| Часть имени, кроме начального элемента ввода | Г. Ф. |
| Даты | 1834 - 1907 |
| Расширение инициалов личного имени | Генрих Фердинандович |
| Системный номер авторитетной/нормативной записи | 2438007 |
| Идентификатор авторитетной/нормативной записи | RU\NLR\AUTH\6601668578 |
| 686 3# - ИНДЕКСЫ ДРУГИХ КЛАССИФИКАЦИЙ | |
| Индекс | Р.г(4П)5д Гойер |
| 700 #1 - ИМЯ ЛИЦА - ПЕРВИЧНАЯ ОТВЕТСТВЕННОСТЬ | |
| Графика поля | Кириллица |
| Материалы, к которым относится поле | rus |
| Начальный элемент ввода | Митрофанов |
| Часть имени, кроме начального элемента ввода | П.И. |
| Дополнения к именам, кроме дат | д-р зоологии |
| Даты | 1857-1920 |
| Расширение инициалов личного имени | Павел Ильич |
| Системный номер авторитетной/нормативной записи | 215016 |
| Идентификатор авторитетной/нормативной записи | RU\NLR\AUTH\770215072 |
| 702 #1 - ИМЯ ЛИЦА - ВТОРИЧНАЯ ОТВЕТСТВЕННОСТЬ | |
| Начальный элемент ввода | Гойер |
| Часть имени, кроме начального элемента ввода | Г.Ф. |
| Даты | 1834-1907 |
| Расширение инициалов личного имени | Генрих Фердинандович |
| Код отношения | Прочие |
| 852 ## - МЕСТОНАХОЖДЕНИЕ И ШИФР ХРАНЕНИЯ | |
| Идентификатор организации | NLR |
| Шифр хранения (Call Number) | 38.36.5.45(37-1) |
| 942 ## - ДОПОЛНИТЕЛЬНЫЕ ЭЛЕМЕНТЫ ЗАПИСИ (АБИС) | |
| Тип экземпляра АБИС | Книга |
| 980 ## - КОЛЛЕКЦИЯ | |
| Название коллекции | Национальная библиография |
Нет доступных экземпляров.